00233nam a2200109Ia 4500100002100000650001000021245003300031260002400064082001500088300000800103546001200111 aMurari/Timeri N  aNovel aTaliban Cricket Club:A novel bAleph Book Coc2012 a808.8bMUR a325 aENGLISH